| 000 | 00472nam a2200169Ia 4500 | ||
|---|---|---|---|
| 999 |
_c15994 _d15994 |
||
| 003 | OSt | ||
| 005 | 20200606115841.0 | ||
| 008 | 190216s9999||||xx |||||||||||||| ||und|| | ||
| 040 | _cMESKC library | ||
| 082 |
_a616 _bALI/P |
||
| 100 |
_aAli, Nafisa _9442 |
||
| 245 | 0 |
_aPrathmik Chikitsa Kaise Kare / _cNafisa Ali |
|
| 260 |
_bDilli Pusthak Sadhan, _aDelhi: _c2001. |
||
| 300 | _a96p | ||
| 650 | _aHindi | ||
| 942 |
_cBK _2ddc _h616 _iALI/P _k616 _mALI/P |
||